[Event "67th Greek Championship"]
[Site "chess24.com"]
[Date "2017.12.16"]
[Round "2"]
[White "Michelakos, Panagiotis"]
[Black "Mastrovasilis, Athanasios"]
[Result "0-1"]
[Board "3"]
[WhiteElo "2272"]
[WhiteCountry "GRE"]
[WhiteFideId "4216067"]
[WhiteEloChange "-4"]
[BlackElo "2493"]
[BlackTitle "GM"]
[BlackCountry "GRE"]
[BlackFideId "4201990"]
[BlackEloChange "2"]

1. e4 {[%clk 1:30:49]} e5 {[%clk 1:30:20]} 2. Nf3 {[%clk 1:31:06]} Nc6 {[%clk
1:30:44]} 3. Bc4 {[%clk 1:31:02]} Nf6 {[%clk 1:30:16]} 4. d3 {[%clk 1:30:42]} Be7
{[%clk 1:30:09]} 5. O-O {[%clk 1:30:15]} O-O {[%clk 1:30:24]} 6. c3 {[%clk
1:18:08]} d5 {[%clk 1:23:37]} 7. exd5 {[%clk 1:18:25]} Nxd5 {[%clk 1:24:02]} 8.
Nbd2 {[%clk 1:11:18]} Nb6 {[%clk 1:08:00]} 9. Bb5 {[%clk 1:11:25]} Bd6 {[%clk
1:08:00]} 10. h3 {[%clk 1:01:31]} Bd7 {[%clk 1:01:24]} 11. d4 {[%clk 0:39:53]}
exd4 {[%clk 0:54:55]} 12. cxd4 {[%clk 0:39:53]} Nb4 {[%clk 0:55:00]} 13. Bxd7
{[%clk 0:39:07]} Qxd7 {[%clk 0:55:16]} 14. Ne4 {[%clk 0:39:14]} Rae8 {[%clk
0:37:25]} 15. Nxd6 {[%clk 0:32:14]} Qxd6 {[%clk 0:37:27]} 16. Bd2 {[%clk
0:32:15]} Nc6 {[%clk 0:35:28]} 17. Rc1 {[%clk 0:25:11]} Rd8 {[%clk 0:34:22]} 18.
Bc3 {[%clk 0:20:44]} Nd5 {[%clk 0:33:36]} 19. Re1 {[%clk 0:17:15]} Nf4 {[%clk
0:26:45]} 20. Qd2 {[%clk 0:17:20]} Nd5 {[%clk 0:23:39]} 21. Rcd1 {[%clk 0:15:58]}
f6 {[%clk 0:22:27]} 22. Qd3 {[%clk 0:15:10]} Kh8 {[%clk 0:22:21]} 23. Qb5 {[%clk
0:13:30]} b6 {[%clk 0:22:09]} 24. Qc4 {[%clk 0:10:08]} a5 {[%clk 0:20:59]} 25.
Re4 {[%clk 0:09:20]} Rfe8 {[%clk 0:17:55]} 26. Rxe8+ {[%clk 0:07:44]} Rxe8 {[%clk
0:18:23]} 27. Ne5 {[%clk 0:06:40]} Nd8 {[%clk 0:18:33]} 28. Nf3 {[%clk 0:03:14]}
Qc6 {[%clk 0:18:07]} 29. Qd3 {[%clk 0:03:10]} Nf7 {[%clk 0:17:23]} 30. Bd2 {[%clk
0:02:30]} Nd6 {[%clk 0:17:00]} 31. Rc1 {[%clk 0:02:52]} Qb5 {[%clk 0:16:49]} 32.
Qxb5 {[%clk 0:01:38]} Nxb5 {[%clk 0:17:14]} 33. Bxa5 {[%clk 0:00:46]} bxa5 {[%clk
0:13:29]} 34. Rc5 {[%clk 0:01:10]} c6 {[%clk 0:13:46]} 35. Rxc6 {[%clk 0:01:13]}
Nbc7 {[%clk 0:13:43]} 36. Rc5 {[%clk 0:01:12]} Re2 {[%clk 0:12:46]} 37. Rxa5
{[%clk 0:01:05]} Rxb2 {[%clk 0:13:03]} 38. a4 {[%clk 0:01:06]} Ra2 {[%clk
0:12:29]} 39. Ra7 {[%clk 0:01:17]} g5 {[%clk 0:12:02]} 40. g3 {[%clk 0:30:33]}
Kg7 {[%clk 0:39:30]} 41. Kg2 {[%clk 0:26:45]} Kg6 {[%clk 0:38:29]} 42. Ne1 {[%clk
0:23:51]} Ne6 {[%clk 0:30:16]} 43. Ra5 {[%clk 0:16:33]} Ne3+ {[%clk 0:28:29]} 44.
Kf3 {[%clk 0:10:00]} Nc4 {[%clk 0:23:24]} 45. Ra6 {[%clk 0:10:16]} Nxd4+ {[%clk
0:21:38]} 46. Ke4 {[%clk 0:10:44]} Nf5 {[%clk 0:17:34]} 47. Nd3 {[%clk 0:07:37]}
Ncd6+ {[%clk 0:17:34]} 48. Kf3 {[%clk 0:05:55]} Ra3 {[%clk 0:17:25]} 49. Ke2
{[%clk 0:06:19]} Nd4+ {[%clk 0:12:31]} 50. Ke3 {[%clk 0:06:32]} Nc2+ {[%clk
0:09:25]} 51. Kd2 {[%clk 0:06:32]} Ne4+ {[%clk 0:09:53]} 52. Kxc2 {[%clk
0:03:29]} Rc3+ {[%clk 0:10:18]} 53. Kb2 {[%clk 0:02:32]} Rxd3 {[%clk 0:08:23]}
54. a5 {[%clk 0:01:53]} Rd2+ {[%clk 0:08:23]} 55. Kb3 {[%clk 0:01:53]} Rxf2
{[%clk 0:07:06]} 56. Rc6 {[%clk 0:01:58]} Rf1 {[%clk 0:07:03]} 57. a6 {[%clk
0:01:25]} Ra1 {[%clk 0:07:09]} 58. Kb4 {[%clk 0:01:10]} Nxg3 {[%clk 0:07:31]} 59.
Kb5 {[%clk 0:01:14]} Nf5 {[%clk 0:07:32]} 60. Kb6 {[%clk 0:01:17]} Nd4 {[%clk
0:06:07]} 61. Rd6 {[%clk 0:01:14]} Nf5 {[%clk 0:04:10]} 62. Rd7 {[%clk 0:01:11]}
h5 {[%clk 0:04:06]} 63. a7 {[%clk 0:01:16]} g4 {[%clk 0:04:18]} 64. hxg4 {[%clk
0:01:44]} hxg4 {[%clk 0:04:45]} 65. Rd8 {[%clk 0:01:38]} g3 {[%clk 0:04:21]} 66.
a8Q {[%clk 0:01:26]} Rxa8 {[%clk 0:04:47]} 67. Rxa8 {[%clk 0:01:47]} g2 {[%clk
0:04:57]} 68. Ra1 {[%clk 0:01:55]} Ne3 {[%clk 0:04:52]} 69. Rg1 {[%clk 0:01:48]}
Kf5 {[%clk 0:05:01]} 70. Kc5 {[%clk 0:02:13]} Ke4 {[%clk 0:05:23]} 71. Re1 {[%clk
0:01:59]} f5 {[%clk 0:05:30]} 72. Kb4 {[%clk 0:01:19]} Kd3 {[%clk 0:05:36]} 0-1

[Event "67th Greek Championship"]
[Site "chess24.com"]
[Date "2017.12.16"]
[Round "2"]
[White "Pavlidis, Anastasios"]
[Black "Moutousis, Konstantinos"]
[Result "1-0"]
[Board "4"]
[WhiteElo "2358"]
[WhiteTitle "IM"]
[WhiteCountry "GRE"]
[WhiteFideId "4208404"]
[WhiteEloChange "11"]
[BlackElo "2389"]
[BlackTitle "IM"]
[BlackCountry "GRE"]
[BlackFideId "4200071"]
[BlackEloChange "-11"]

1. d4 {[%clk 1:30:55]} Nf6 {[%clk 1:30:14]} 2. Nf3 {[%clk 1:30:44]} b5 {[%clk
1:29:07]} 3. e3 {[%clk 1:27:06]} a6 {[%clk 1:29:31]} 4. a4 {[%clk 1:26:38]} b4
{[%clk 1:29:44]} 5. Bd3 {[%clk 1:23:34]} Bb7 {[%clk 1:29:59]} 6. Nbd2 {[%clk
1:21:30]} e6 {[%clk 1:29:36]} 7. e4 {[%clk 1:19:20]} h6 {[%clk 1:21:18]} 8. O-O
{[%clk 1:17:49]} d5 {[%clk 1:20:36]} 9. e5 {[%clk 1:16:36]} Nfd7 {[%clk 1:20:40]}
10. c3 {[%clk 1:11:48]} a5 {[%clk 1:16:21]} 11. Ne1 {[%clk 1:02:38]} h5 {[%clk
1:07:31]} 12. f4 {[%clk 1:00:53]} g6 {[%clk 1:07:52]} 13. Ndf3 {[%clk 0:59:39]}
Ba6 {[%clk 1:07:25]} 14. Ng5 {[%clk 0:54:44]} Nb6 {[%clk 1:04:35]} 15. Nef3
{[%clk 0:50:19]} Bxd3 {[%clk 0:57:43]} 16. Qxd3 {[%clk 0:50:39]} Qd7 {[%clk
0:57:37]} 17. Nh4 {[%clk 0:50:44]} Rg8 {[%clk 0:42:56]} 18. Nh7 {[%clk 0:50:04]}
Be7 {[%clk 0:43:20]} 19. Nf6+ {[%clk 0:50:13]} Bxf6 {[%clk 0:43:46]} 20. exf6
{[%clk 0:50:35]} bxc3 {[%clk 0:37:25]} 21. bxc3 {[%clk 0:50:01]} Qc8 {[%clk
0:37:16]} 22. Ba3 {[%clk 0:34:31]} Nc6 {[%clk 0:31:35]} 23. Rae1 {[%clk 0:19:27]}
Qa6 {[%clk 0:26:08]} 24. Qxa6 {[%clk 0:16:33]} Rxa6 {[%clk 0:26:24]} 25. f5
{[%clk 0:16:56]} gxf5 {[%clk 0:25:33]} 26. Nxf5 {[%clk 0:17:10]} Ra8 {[%clk
0:20:02]} 27. Ng7+ {[%clk 0:02:35]} Kd7 {[%clk 0:20:07]} 28. Nxe6 {[%clk
0:00:49]} fxe6 {[%clk 0:20:22]} 29. f7 {[%clk 0:01:13]} Rgf8 {[%clk 0:20:33]} 30.
Rf6 {[%clk 0:01:07]} Nc4 {[%clk 0:19:37]} 31. Bxf8 {[%clk 0:01:13]} Rxf8 {[%clk
0:20:04]} 32. Rexe6 {[%clk 0:01:16]} Nd6 {[%clk 0:19:48]} 33. h3 {[%clk 0:00:37]}
h4 {[%clk 0:19:24]} 34. Kh2 {[%clk 0:00:46]} Nd8 {[%clk 0:16:06]} 35. Re5 {[%clk
0:01:10]} N8xf7 {[%clk 0:16:15]} 36. Rxd5 {[%clk 0:01:02]} Ke7 {[%clk 0:16:02]}
37. Rf4 {[%clk 0:01:26]} Rh8 {[%clk 0:15:42]} 38. Rxa5 {[%clk 0:01:27]} Nd8
{[%clk 0:15:45]} 39. Re5+ {[%clk 0:01:49]} Kd7 {[%clk 0:15:58]} 40. d5 {[%clk
0:31:03]} N8f7 {[%clk 0:45:26]} 41. Re2 {[%clk 0:26:47]} Rh7 {[%clk 0:43:39]} 42.
a5 {[%clk 0:23:23]} c6 {[%clk 0:42:45]} 43. dxc6+ {[%clk 0:22:17]} Kxc6 {[%clk
0:43:10]} 44. Re7 {[%clk 0:22:16]} Kb5 {[%clk 0:40:41]} 45. a6 {[%clk 0:20:42]}
Rh8 {[%clk 0:40:51]} 46. a7 {[%clk 0:20:12]} 1-0

[Event "67th Greek Championship"]
[Site "chess24.com"]
[Date "2017.12.17"]
[Round "3"]
[White "Moutousis, Konstantinos"]
[Black "Michelakos, Panagiotis"]
[Result "1-0"]
[Board "1"]
[WhiteElo "2389"]
[WhiteTitle "IM"]
[WhiteCountry "GRE"]
[WhiteFideId "4200071"]
[WhiteEloChange "7"]
[BlackElo "2272"]
[BlackCountry "GRE"]
[BlackFideId "4216067"]
[BlackEloChange "-7"]

1. d4 {[%clk 1:25:24]} Nf6 {[%clk 1:30:49]} 2. c4 {[%clk 1:25:46]} e6 {[%clk
1:31:11]} 3. Nc3 {[%clk 1:26:08]} Bb4 {[%clk 1:31:32]} 4. e3 {[%clk 1:18:09]} O-O
{[%clk 1:31:41]} 5. Bd3 {[%clk 1:17:28]} d5 {[%clk 1:31:24]} 6. a3 {[%clk
1:17:52]} Bxc3+ {[%clk 1:27:49]} 7. bxc3 {[%clk 1:18:15]} c5 {[%clk 1:28:12]} 8.
cxd5 {[%clk 1:18:39]} exd5 {[%clk 1:28:25]} 9. f3 {[%clk 1:18:01]} b6 {[%clk
1:24:20]} 10. Ne2 {[%clk 1:18:15]} Ba6 {[%clk 1:24:41]} 11. O-O {[%clk 1:18:16]}
Bxd3 {[%clk 1:21:27]} 12. Qxd3 {[%clk 1:18:29]} Nc6 {[%clk 1:21:14]} 13. e4
{[%clk 1:09:39]} Qd7 {[%clk 0:57:15]} 14. Bb2 {[%clk 0:59:18]} dxe4 {[%clk
0:11:43]} 15. fxe4 {[%clk 0:59:16]} Ne5 {[%clk 0:12:08]} 16. Qa6 {[%clk 0:57:31]}
Ng6 {[%clk 0:06:19]} 17. Rxf6 {[%clk 0:51:02]} gxf6 {[%clk 0:06:41]} 18. Ng3
{[%clk 0:51:28]} Qg4 {[%clk 0:02:05]} 19. Rf1 {[%clk 0:50:19]} h5 {[%clk
0:01:05]} 20. Qd3 {[%clk 0:49:15]} Rae8 {[%clk 0:00:55]} 21. Qe3 {[%clk 0:46:34]}
h4 {[%clk 0:01:05]} 22. Nf5 {[%clk 0:46:56]} Qh5 {[%clk 0:01:00]} 23. h3 {[%clk
0:45:35]} c4 {[%clk 0:01:00]} 24. Bc1 {[%clk 0:44:05]} Re6 {[%clk 0:01:03]} 25.
d5 {[%clk 0:39:59]} Ree8 {[%clk 0:00:39]} 26. Nh6+ {[%clk 0:40:13]} Kg7 {[%clk
0:00:37]} 27. Ng4 {[%clk 0:40:31]} f5 {[%clk 0:00:31]} 28. Rxf5 {[%clk 0:40:39]}
1-0

[Event "67th Greek Championship"]
[Site "chess24.com"]
[Date "2017.12.17"]
[Round "3"]
[White "Kelires, Andreas"]
[Black "Pavlidis, Anastasios"]
[Result "1/2-1/2"]
[Board "2"]
[WhiteElo "2519"]
[WhiteTitle "GM"]
[WhiteCountry "GRE"]
[WhiteFideId "5900727"]
[WhiteEloChange "-2"]
[BlackElo "2358"]
[BlackTitle "IM"]
[BlackCountry "GRE"]
[BlackFideId "4208404"]
[BlackEloChange "4"]

1. d4 {[%clk 1:30:57]} Nf6 {[%clk 1:30:41]} 2. Nf3 {[%clk 1:31:20]} c5 {[%clk
1:30:41]} 3. d5 {[%clk 1:30:05]} e6 {[%clk 1:29:19]} 4. c4 {[%clk 1:29:56]} b5
{[%clk 1:29:19]} 5. g3 {[%clk 1:20:38]} exd5 {[%clk 1:06:19]} 6. cxd5 {[%clk
1:16:34]} Bb7 {[%clk 1:06:11]} 7. Bg2 {[%clk 1:12:29]} Bxd5 {[%clk 1:04:47]} 8.
O-O {[%clk 1:12:54]} Be7 {[%clk 1:03:22]} 9. Re1 {[%clk 1:12:12]} O-O {[%clk
1:01:11]} 10. Nc3 {[%clk 1:10:36]} Bc6 {[%clk 1:00:53]} 11. e4 {[%clk 1:09:47]}
d6 {[%clk 0:53:37]} 12. a3 {[%clk 1:07:43]} Re8 {[%clk 0:48:48]} 13. Bf4 {[%clk
0:53:21]} Bf8 {[%clk 0:44:45]} 14. e5 {[%clk 0:25:22]} dxe5 {[%clk 0:44:22]} 15.
Nxe5 {[%clk 0:25:47]} Bxg2 {[%clk 0:42:00]} 16. Kxg2 {[%clk 0:25:52]} Qxd1 {[%clk
0:34:26]} 17. Rexd1 {[%clk 0:21:47]} a6 {[%clk 0:33:45]} 18. g4 {[%clk 0:20:10]}
Ra7 {[%clk 0:32:14]} 19. h3 {[%clk 0:15:01]} Nfd7 {[%clk 0:31:52]} 20. Nf3 {[%clk
0:13:28]} Nb6 {[%clk 0:31:53]} 21. a4 {[%clk 0:11:01]} b4 {[%clk 0:30:52]} 22.
Nd5 {[%clk 0:11:30]} Nxd5 {[%clk 0:29:56]} 23. Rxd5 {[%clk 0:11:59]} Rd7 {[%clk
0:29:36]} 24. Rxd7 {[%clk 0:09:30]} Nxd7 {[%clk 0:30:00]} 25. Rd1 {[%clk
0:09:56]} Nb8 {[%clk 0:23:31]} 26. Bxb8 {[%clk 0:07:55]} Rxb8 {[%clk 0:23:49]}
27. Ne5 {[%clk 0:08:24]} b3 {[%clk 0:16:42]} 28. a5 {[%clk 0:06:20]} Re8 {[%clk
0:14:25]} 29. Nc4 {[%clk 0:04:16]} Re4 {[%clk 0:14:05]} 30. Rc1 {[%clk 0:02:18]}
Re2 {[%clk 0:14:14]} 31. Rc3 {[%clk 0:02:45]} Rc2 {[%clk 0:13:47]} 32. Kf3 {[%clk
0:03:11]} Be7 {[%clk 0:07:23]} 33. Ke3 {[%clk 0:02:47]} Rxc3+ {[%clk 0:06:42]}
34. bxc3 {[%clk 0:03:16]} Bf6 {[%clk 0:07:04]} 35. Kd3 {[%clk 0:02:46]} Bg5
{[%clk 0:06:41]} 36. Na3 {[%clk 0:02:12]} Kf8 {[%clk 0:06:06]} 37. Kc4 {[%clk
0:01:02]} Bd8 {[%clk 0:06:13]} 38. Kxb3 {[%clk 0:00:46]} Bxa5 {[%clk 0:06:32]}
39. Nc4 {[%clk 0:01:06]} Bc7 {[%clk 0:06:48]} 40. Nb2 {[%clk 0:30:56]} Ke7 {[%clk
0:32:13]} 41. Kc4 {[%clk 0:31:22]} Kf6 {[%clk 0:28:17]} 42. h4 {[%clk 0:27:33]}
Ke5 {[%clk 0:27:46]} 43. Nd3+ {[%clk 0:26:24]} Ke4 {[%clk 0:27:56]} 44. Nxc5+
{[%clk 0:23:57]} Kf3 {[%clk 0:28:05]} 45. Nxa6 {[%clk 0:24:05]} Be5 {[%clk
0:24:32]} 46. g5 {[%clk 0:20:00]} Kg4 {[%clk 0:17:54]} 47. Nc5 {[%clk 0:17:31]}
Kxh4 {[%clk 0:17:47]} 48. Ne4 {[%clk 0:11:36]} Kg4 {[%clk 0:16:23]} 49. Kd5
{[%clk 0:11:05]} Bb8 {[%clk 0:13:54]} 50. c4 {[%clk 0:09:13]} h5 {[%clk 0:14:02]}
51. gxh6 {[%clk 0:09:38]} gxh6 {[%clk 0:14:21]} 52. Nf6+ {[%clk 0:06:43]} Kf5
{[%clk 0:14:23]} 53. Nh5 {[%clk 0:05:48]} Kg5 {[%clk 0:13:22]} 54. Ng3 {[%clk
0:05:59]} h5 {[%clk 0:13:30]} 55. Ke4 {[%clk 0:06:10]} h4 {[%clk 0:13:32]} 56.
Nf1 {[%clk 0:06:36]} f5+ {[%clk 0:09:40]} 57. Kf3 {[%clk 0:06:44]} Kf6 {[%clk
0:06:26]} 58. Kg2 {[%clk 0:06:53]} Ke5 {[%clk 0:06:06]} 59. Kh3 {[%clk 0:06:50]}
Ba7 {[%clk 0:05:33]} 60. Ne3 {[%clk 0:06:33]} Ke4 {[%clk 0:04:28]} 61. Nxf5
{[%clk 0:06:57]} Kxf5 {[%clk 0:04:51]} 62. Kxh4 {[%clk 0:07:25]} 1/2-1/2

[Event "67th Greek Championship"]
[Site "chess24.com"]
[Date "2017.12.17"]
[Round "3"]
[White "Papakonstantinou, Dimitrios"]
[Black "Nikolaidis, Ioannis"]
[Result "0-1"]
[Board "3"]
[WhiteElo "2251"]
[WhiteCountry "GRE"]
[WhiteFideId "4218655"]
[WhiteEloChange "-4"]
[BlackElo "2517"]
[BlackTitle "GM"]
[BlackCountry "GRE"]
[BlackFideId "4202139"]
[BlackEloChange "2"]

1. e4 {[%clk 1:30:56]} e6 {[%clk 1:30:24]} 2. d4 {[%clk 1:30:56]} d5 {[%clk
1:30:46]} 3. Nc3 {[%clk 1:30:59]} Bb4 {[%clk 1:30:26]} 4. e5 {[%clk 1:31:10]} c5
{[%clk 1:30:38]} 5. a3 {[%clk 1:31:23]} Bxc3+ {[%clk 1:30:54]} 6. bxc3 {[%clk
1:31:47]} Nc6 {[%clk 1:30:31]} 7. Qg4 {[%clk 1:28:55]} g6 {[%clk 1:30:18]} 8. Qd1
{[%clk 1:14:21]} Qa5 {[%clk 1:24:13]} 9. Bd2 {[%clk 1:14:07]} c4 {[%clk 1:21:20]}
10. Be2 {[%clk 1:07:51]} Bd7 {[%clk 1:19:19]} 11. h4 {[%clk 1:04:06]} f6 {[%clk
1:05:16]} 12. h5 {[%clk 0:47:14]} g5 {[%clk 1:03:34]} 13. h6 {[%clk 0:46:46]}
O-O-O {[%clk 0:57:54]} 14. Rh3 {[%clk 0:38:50]} Rf8 {[%clk 0:48:19]} 15. Rf3
{[%clk 0:36:33]} Qd8 {[%clk 0:38:50]} 16. Rxf6 {[%clk 0:24:20]} Nxf6 {[%clk
0:37:36]} 17. Bxg5 {[%clk 0:24:47]} Rhg8 {[%clk 0:28:50]} 18. Bxf6 {[%clk
0:24:54]} Rxf6 {[%clk 0:28:02]} 19. exf6 {[%clk 0:25:20]} Rxg2 {[%clk 0:27:50]}
20. Kf1 {[%clk 0:18:13]} Rh2 {[%clk 0:26:27]} 21. f7 {[%clk 0:14:37]} Qf6 {[%clk
0:26:01]} 22. Bf3 {[%clk 0:14:44]} Nd8 {[%clk 0:23:50]} 23. Qd2 {[%clk 0:12:36]}
Nxf7 {[%clk 0:22:37]} 24. Re1 {[%clk 0:12:35]} Ng5 {[%clk 0:19:56]} 25. Bg2
{[%clk 0:12:39]} Rxh6 {[%clk 0:17:12]} 26. Re5 {[%clk 0:11:01]} Rg6 {[%clk
0:16:39]} 27. Qe3 {[%clk 0:09:04]} Nf7 {[%clk 0:13:50]} 28. Rh5 {[%clk 0:09:08]}
Rxg2 {[%clk 0:13:24]} 0-1

[Event "67th Greek Championship"]
[Site "chess24.com"]
[Date "2017.12.17"]
[Round "3"]
[White "Mastrovasilis, Athanasios"]
[Black "Kouskoutis, Georgios-Alexandros"]
[Result "1-0"]
[Board "4"]
[WhiteElo "2493"]
[WhiteTitle "GM"]
[WhiteCountry "GRE"]
[WhiteFideId "4201990"]
[WhiteEloChange "3"]
[BlackElo "2365"]
[BlackCountry "GRE"]
[BlackFideId "4234049"]
[BlackEloChange "-6"]

1. c4 {[%clk 1:30:57]} Nf6 {[%clk 1:30:53]} 2. Nc3 {[%clk 1:31:15]} e6 {[%clk
1:30:51]} 3. e4 {[%clk 1:31:21]} d5 {[%clk 1:25:37]} 4. cxd5 {[%clk 1:29:49]}
exd5 {[%clk 1:26:01]} 5. e5 {[%clk 1:30:15]} d4 {[%clk 1:11:36]} 6. exf6 {[%clk
1:29:46]} dxc3 {[%clk 1:11:50]} 7. Bb5+ {[%clk 1:29:55]} c6 {[%clk 1:07:54]} 8.
Qe2+ {[%clk 1:29:36]} Be6 {[%clk 1:07:52]} 9. Bc4 {[%clk 1:29:48]} Qd4 {[%clk
0:40:40]} 10. Bxe6 {[%clk 0:56:16]} cxb2 {[%clk 0:41:12]} 11. Bxb2 {[%clk
0:46:14]} Qxb2 {[%clk 0:40:56]} 12. Bh3+ {[%clk 0:37:54]} Kd8 {[%clk 0:41:20]}
13. Qd3+ {[%clk 0:38:12]} Kc7 {[%clk 0:41:42]} 14. Rb1 {[%clk 0:38:12]} Qxf6
{[%clk 0:38:10]} 15. Ne2 {[%clk 0:36:57]} Bc5 {[%clk 0:33:14]} 16. O-O {[%clk
0:37:11]} Rd8 {[%clk 0:31:31]} 17. Qg3+ {[%clk 0:29:27]} Bd6 {[%clk 0:25:47]} 18.
Qb3 {[%clk 0:25:18]} b6 {[%clk 0:26:10]} 19. Rfc1 {[%clk 0:23:51]} Be5 {[%clk
0:20:28]} 20. d4 {[%clk 0:11:48]} Bxd4 {[%clk 0:15:44]} 21. Nxd4 {[%clk 0:12:08]}
Rxd4 {[%clk 0:14:57]} 22. Rd1 {[%clk 0:12:34]} Rxd1+ {[%clk 0:09:07]} 23. Rxd1
{[%clk 0:12:58]} Kb7 {[%clk 0:07:27]} 24. g3 {[%clk 0:10:24]} Na6 {[%clk
0:05:32]} 25. Rd7+ {[%clk 0:10:08]} Nc7 {[%clk 0:05:55]} 26. Rxf7 {[%clk
0:10:26]} Qa1+ {[%clk 0:05:48]} 27. Kg2 {[%clk 0:10:23]} Qe5 {[%clk 0:04:30]} 28.
Qe6 {[%clk 0:04:56]} Qxe6 {[%clk 0:00:58]} 29. Bxe6 {[%clk 0:05:25]} Re8 {[%clk
0:01:07]} 30. Bb3 {[%clk 0:03:26]} b5 {[%clk 0:00:40]} 31. a4 {[%clk 0:02:25]} g5
{[%clk 0:00:32]} 32. Rxh7 {[%clk 0:02:28]} a5 {[%clk 0:00:36]} 33. h4 {[%clk
0:01:54]} gxh4 {[%clk 0:00:48]} 34. gxh4 {[%clk 0:02:01]} Kb6 {[%clk 0:00:43]}
35. h5 {[%clk 0:02:02]} Ne6 {[%clk 0:00:33]} 36. axb5 {[%clk 0:01:48]} Kxb5
{[%clk 0:00:38]} 37. Rb7+ {[%clk 0:01:07]} Ka6 {[%clk 0:00:36]} 38. Rf7 {[%clk
0:01:23]} Nd4 {[%clk 0:00:31]} 39. Bc4+ {[%clk 0:31:35]} Kb6 {[%clk 0:30:58]} 40.
h6 {[%clk 0:31:43]} Kc5 {[%clk 0:30:39]} 41. Bd3 {[%clk 0:15:35]} Rh8 {[%clk
0:15:24]} 42. h7 {[%clk 0:15:35]} Ne6 {[%clk 0:14:20]} 43. Kg3 {[%clk 0:13:36]}
a4 {[%clk 0:11:41]} 44. Re7 {[%clk 0:08:17]} Nf8 {[%clk 0:07:30]} 45. Ra7 {[%clk
0:07:17]} a3 {[%clk 0:06:31]} 46. Kg4 {[%clk 0:06:07]} Kd4 {[%clk 0:03:14]} 47.
Bf5 {[%clk 0:05:27]} a2 {[%clk 0:02:40]} 48. Ra4+ {[%clk 0:04:50]} Ke5 {[%clk
0:01:40]} 49. Rxa2 {[%clk 0:03:37]} Nxh7 {[%clk 0:02:04]} 50. Re2+ {[%clk
0:03:11]} Kd4 {[%clk 0:01:16]} 51. Re6 {[%clk 0:02:19]} Kd5 {[%clk 0:00:35]} 52.
f4 {[%clk 0:01:00]} Rg8+ {[%clk 0:00:34]} 53. Kf3 {[%clk 0:00:58]} Rg7 {[%clk
0:00:34]} 54. Rh6 {[%clk 0:01:01]} Nf8 {[%clk 0:00:43]} 55. Be4+ {[%clk 0:01:11]}
Kd4 {[%clk 0:00:47]} 56. Rd6+ {[%clk 0:01:32]} Kc5 {[%clk 0:01:14]} 57. Rxc6+
{[%clk 0:01:59]} Kd4 {[%clk 0:01:22]} 58. Bf5 {[%clk 0:02:08]} Rf7 {[%clk
0:00:51]} 59. Kg4 {[%clk 0:02:00]} Kd5 {[%clk 0:00:35]} 60. Ra6 {[%clk 0:01:59]}
Kd4 {[%clk 0:00:37]} 61. Kg5 {[%clk 0:01:23]} Ke3 {[%clk 0:00:43]} 62. Ra3+
{[%clk 0:01:47]} Kf2 {[%clk 0:00:49]} 63. Rd3 {[%clk 0:01:42]} Ke2 {[%clk
0:00:52]} 64. Rd6 {[%clk 0:01:49]} Ke3 {[%clk 0:01:10]} 65. Rh6 {[%clk 0:01:41]}
Kf3 {[%clk 0:00:47]} 66. Rh3+ {[%clk 0:01:36]} Kg2 {[%clk 0:00:51]} 67. Re3
{[%clk 0:01:28]} Kf2 {[%clk 0:01:06]} 68. Re8 {[%clk 0:01:05]} Kg3 {[%clk
0:01:05]} 69. Re3+ {[%clk 0:01:16]} Kf2 {[%clk 0:01:30]} 70. Rb3 {[%clk 0:01:39]}
Ke2 {[%clk 0:01:05]} 71. Bg4+ {[%clk 0:01:28]} Kf2 {[%clk 0:00:56]} 72. f5 {[%clk
0:01:35]} Rg7+ {[%clk 0:00:35]} 73. Kf4 {[%clk 0:02:00]} Rc7 {[%clk 0:00:39]} 74.
Rb2+ {[%clk 0:02:23]} Ke1 {[%clk 0:00:48]} 75. Bf3 {[%clk 0:01:06]} Nd7 {[%clk
0:00:34]} 76. Re2+ {[%clk 0:01:18]} Kf1 {[%clk 0:01:00]} 77. Re7 {[%clk 0:01:33]}
Rc4+ {[%clk 0:01:03]} 78. Kg3 {[%clk 0:01:45]} Rd4 {[%clk 0:00:54]} 79. Bg2+
{[%clk 0:02:07]} 1-0

[Event "67th Greek Championship"]
[Site "chess24.com"]
[Date "2017.12.18"]
[Round "4"]
[White "Michelakos, Panagiotis"]
[Black "Kouskoutis, Georgios-Alexandros"]
[Result "1-0"]
[Board "1"]
[WhiteElo "2272"]
[WhiteCountry "GRE"]
[WhiteFideId "4216067"]
[WhiteEloChange "13"]
[BlackElo "2365"]
[BlackCountry "GRE"]
[BlackFideId "4234049"]
[BlackEloChange "-13"]

1. e4 {[%clk 1:30:52]} c5 {[%clk 1:30:54]} 2. Nf3 {[%clk 1:31:06]} d6 {[%clk
1:31:14]} 3. d4 {[%clk 1:26:41]} cxd4 {[%clk 1:31:36]} 4. Nxd4 {[%clk 1:27:06]}
Nf6 {[%clk 1:31:58]} 5. Nc3 {[%clk 1:26:23]} g6 {[%clk 1:32:17]} 6. Be3 {[%clk
1:26:29]} Bg7 {[%clk 1:32:41]} 7. f3 {[%clk 1:26:39]} a6 {[%clk 1:32:02]} 8. Bc4
{[%clk 1:23:43]} Nbd7 {[%clk 1:29:42]} 9. Qd2 {[%clk 1:09:58]} h5 {[%clk
1:25:24]} 10. O-O-O {[%clk 1:06:45]} Ne5 {[%clk 1:18:10]} 11. Bb3 {[%clk
1:05:44]} Bd7 {[%clk 1:03:49]} 12. h3 {[%clk 0:42:12]} Qc7 {[%clk 0:29:30]} 13.
g4 {[%clk 0:35:18]} hxg4 {[%clk 0:10:55]} 14. hxg4 {[%clk 0:35:41]} Rxh1 {[%clk
0:11:20]} 15. Rxh1 {[%clk 0:36:03]} Nc4 {[%clk 0:09:46]} 16. Bxc4 {[%clk
0:28:57]} Qxc4 {[%clk 0:10:11]} 17. Kb1 {[%clk 0:27:07]} Be6 {[%clk 0:05:00]} 18.
Nxe6 {[%clk 0:22:22]} fxe6 {[%clk 0:02:14]} 19. Bh6 {[%clk 0:08:07]} Bxh6 {[%clk
0:02:39]} 20. Qxh6 {[%clk 0:08:34]} Kd7 {[%clk 0:02:41]} 21. Qxg6 {[%clk
0:05:15]} Qc5 {[%clk 0:02:53]} 22. Qh6 {[%clk 0:04:54]} b5 {[%clk 0:02:15]} 23.
g5 {[%clk 0:04:31]} Ng8 {[%clk 0:02:31]} 24. Qh4 {[%clk 0:03:54]} Rc8 {[%clk
0:02:22]} 25. Rc1 {[%clk 0:03:09]} Qe3 {[%clk 0:01:19]} 26. Qg4 {[%clk 0:01:33]}
b4 {[%clk 0:00:50]} 27. Nd5 {[%clk 0:01:44]} Qd4 {[%clk 0:01:16]} 28. Nf4 {[%clk
0:01:40]} Qe5 {[%clk 0:01:02]} 29. Rd1 {[%clk 0:01:49]} Rc5 {[%clk 0:00:35]} 30.
Nd3 {[%clk 0:02:08]} Qd4 {[%clk 0:00:43]} 31. Nxc5+ {[%clk 0:02:25]} Qxc5 {[%clk
0:01:09]} 32. Qf4 {[%clk 0:02:28]} a5 {[%clk 0:00:47]} 33. e5 {[%clk 0:02:37]} a4
{[%clk 0:00:44]} 34. Qd4 {[%clk 0:02:18]} Qc6 {[%clk 0:00:35]} 35. Qxb4 {[%clk
0:01:55]} Qxf3 {[%clk 0:00:41]} 36. Qxa4+ {[%clk 0:02:19]} Kd8 {[%clk 0:01:04]}
37. Qd4 {[%clk 0:02:31]} 1-0